Muslim Preacher in the Modern World (Record no. 6322)

MARC details
000 -LEADER
fixed length control field 00730nam a2200265 a 4500
020 ## - INTERNATIONAL STANDARD BOOK NUMBER
ISBN 0691411
082 00 - DEWEY DECIMAL CLASSIFICATION NUMBER
Classification number 297.095695
Author Cutter ANT
100 ## - MAIN ENTRY--AUTHOR NAME
Author name Antoun, Richard T
245 ## - TITLE STATEMENT
Title Muslim Preacher in the Modern World
Sub title Jordanian Cas Sdtudy In......
260 ## - PUBLICATION, DISTRIBUTION, ETC. (IMPRINT)
Place of publication Princeton
Name of publisher Princeton University Press
Year of publication 1989
300 ## - PHYSICAL DESCRIPTION
Number of Pages 289p
500 ## - GENERAL NOTE
General note includes index and biblioraphy
505 2# - FORMATTED CONTENTS NOTE
Formatted contents note Appendix, Index
650 ## - SUBJECT ADDED ENTRY--TOPICAL TERM
Topical Term Islam-Jordon
650 ## - SUBJECT ADDED ENTRY--TOPICAL TERM
Topical Term Islamic-Education
650 ## - SUBJECT ADDED ENTRY--TOPICAL TERM
Topical Term Jordon-Religious Life and
942 ## - ADDED ENTRY ELEMENTS (KOHA)
Koha item type Books
700 1# -
-- Antoun, Richard T
Holdings
Collection code Home library Current library Date acquired Cost, normal purchase price Full call number Accession Number Koha item type
  Henry Martyn Institute Library Henry Martyn Institute Library 07/26/2007 100.00 297.095695 ANT 014735 Books
                   Copyright © 2026 | Henry Martyn Institute | Hyderabad | TS-500052 | INDIA | Implemented by hmi.edu.in
Hit-Count:

Powered by Koha